محمد صلى الله عليه و سلم و السيرة النبوية الشريفة: (Record no. 14284)
[ view plain ]
| 000 -LEADER | |
|---|---|
| fixed length control field | 00963nam a22002057a 4500 |
| 008 - FIXED-LENGTH DATA ELEMENTS--GENERAL INFORMATION | |
| fixed length control field | 100629t xxu||||| |||| 00| 0 eng d |
| 082 ## - DEWEY DECIMAL CLASSIFICATION NUMBER | |
| Edition number | 22 |
| Classification number | 239 |
| Item number | إ ب ي |
| 100 ## - MAIN ENTRY--PERSONAL NAME | |
| 9 (RLIN) | 15441 |
| Personal name | الأبيارى، فتحى |
| 245 ## - TITLE STATEMENT | |
| Title | محمد صلى الله عليه و سلم و السيرة النبوية الشريفة: |
| Remainder of title | معلومات و بياتات |
| 260 ## - PUBLICATION, DISTRIBUTION, ETC. (IMPRINT) | |
| Place of publication, distribution, etc | القاهرة: |
| Name of publisher, distributor, etc | الهيئة العامة لقصور الثقافة، |
| Date of publication, distribution, etc | 1996. |
| 300 ## - PHYSICAL DESCRIPTION | |
| Extent | 145ص. |
| Dimensions | 20سم. |
| 490 ## - Series Statement | |
| -- | 15442 |
| Series statement | ؛مكتبة الشباب |
| Volume/sequential designation | 45. |
| 541 ## - IMMEDIATE SOURCE OF ACQUISITION NOTE | |
| Source of acquisition | إهداء |
| 650 ## - SUBJECT ADDED ENTRY--TOPICAL TERM | |
| 9 (RLIN) | 14509 |
| Topical term or geographic name as entry element | السيرة النبوية |
| 650 ## - SUBJECT ADDED ENTRY--TOPICAL TERM | |
| 9 (RLIN) | 8738 |
| Topical term or geographic name as entry element | زوجات النبى |
| 650 ## - SUBJECT ADDED ENTRY--TOPICAL TERM | |
| 9 (RLIN) | 8737 |
| Topical term or geographic name as entry element | غزوات النبى |
| 650 ## - SUBJECT ADDED ENTRY--TOPICAL TERM | |
| 9 (RLIN) | 8736 |
| Topical term or geographic name as entry element | الحديث، علم |
| 942 ## - ADDED ENTRY ELEMENTS (KOHA) | |
| Source of classification or shelving scheme | Dewey Decimal Classification |
| Item type | Book - Borrowing |
| Withdrawn status | Item status | Source of classification or shelving scheme | Damaged status | Not for loan | Vendor | Home library | Current library | Shelving location | Date acquired | Source of acquisition | Total Checkouts | Total Renewals | Full call number | Barcode | Date last seen | Date last borrowed | Koha item type |
|---|---|---|---|---|---|---|---|---|---|---|---|---|---|---|---|---|---|
| Dewey Decimal Classification | Central Library | Central Library | Lower Floor | 29/06/2010 | Donation | 1 | 1 | 239 ا ب ى | 000021182 | 15/07/2025 | 18/11/2023 | Book - Borrowing |